College Quizbowl Stats
College Quizbowl Stats
Circuits
Seasons
Sets
Records
Detailed Stats
About
Loading...
Upper Mid-Atlantic
Tossups
Bonuses
Players
Teams
Categories (Tossup)
Categories (Bonus)
Ishan Joshi
Iowa A
Categories
Category
Powers
Gets
Negs
BBs
Points
Earliest Buzz
Avg. Buzz
First Buzzes
Top 3 Buzzes
BPA
PVF
Current Events
0
1
0
1
10
136
136.00
0
0
0.00
0.00
History - European
0
1
0
0
10
101
101.00
0
1
0.00
0.00
Science - Physics
0
1
0
1
10
110
110.00
0
0
0.00
0.00
Pop Culture
0
0
0
0
0
0.00
0
0
0.00
0.00
Buzzes
Category
Answer
Value
Buzz Position
History - European
Ottonian dynasty
10
101
Science - Physics
tensors
10
110
Current Events
Yoon Suk Yeol
10
136
Pop Culture
concert films
0
153
Previous
1
Next